000 00420nam a2200169Ia 4500
008 230524s9999 xx 000 0 und d
020 _a9788123925424
082 _a620.137
_bRAJ
100 _aN Krishna Raju
245 0 _aPrestressed Concrete (Problems and Solutions)
250 _a2
260 _aNew Delhi
_bCBS
_c2015
300 _a"vii,421p;"
500 _aQuantity Number: 8
650 _aCivil
942 _cBK
999 _c55320
_d55320